| 000 | 00444cam a2200169ua 4500 | ||
|---|---|---|---|
| 020 | _c299.00 | ||
| 041 |
_aeng _h |
||
| 082 |
_a620.43 _bFOS/NA |
||
| 100 | _aFoster, Lynn E . | ||
| 245 |
_aNanotechnology: Science, innovation, and opportunity / _cLynn E Foster. _hTextual Documents |
||
| 260 |
_a : _bPearson Education Asia , _c2007. |
||
| 300 | _a284 ; . | ||
| 365 | _a299.00 | ||
| 504 | _a | ||
| 942 | _cBK | ||
| 999 |
_c13132 _d13132 |
||